[Event "4NCL Online Division 2"]
[Site "online"]
[Date "2020.04.21"]
[Round "3.54"]
[White "Lampard, Alice"]
[Black "Nolan, Dermot"]
[Result "0-1"]
[WhiteElo "2005"]
[BlackElo "1845"]
[PlyCount "112"]
[EventDate "2020.04.21"]
[WhiteTeam "Bristol University A"]
[BlackTeam "Gonzaga C-ing is Believing"]

1. d4 Nf6 2. c4 g6 3. Nc3 d5 4. Nf3 Bg7 5. Qb3 dxc4 6. Qxc4 O-O 7. e4 a6 8. Be2
b5 9. Qb3 c5 10. dxc5 Bb7 11. e5 Nfd7 12. e6 Nxc5 13. exf7+ Rxf7 14. Qd1 Qxd1+
15. Nxd1 Nc6 16. O-O Nb4 17. Ne3 Nbd3 18. Nd1 e5 19. Be3 e4 20. Nd4 Rd7 21. Nc2
Na4 22. Bg4 Rd6 23. Rb1 Naxb2 24. Nxb2 Bxb2 25. Rfd1 Be5 26. Nb4 Rad8 27. Bg5
Bf6 28. Be3 Nxb4 29. Rxd6 Rxd6 30. Rxb4 Bd5 31. Bd4 Bc4 32. Bxf6 Rxf6 33. a4 h5
34. axb5 axb5 35. Bd1 Rd6 36. Rb1 Kg7 37. h4 Kf6 38. g4 hxg4 39. Bxg4 Ke5 40.
Re1 Kd4 41. h5 gxh5 42. Bxh5 b4 43. Rd1+ Bd3 44. Bf7 Rf6 45. Ba2 Rg6+ 46. Kh2
Ra6 47. Bb3 Ra3 48. Bc2 Kc3 49. Bxd3 exd3 50. Rc1+ Kb2 51. Rc4 b3 52. f4 d2 53.
Rd4 Kc3 54. Rd5 b2 55. f5 b1=Q 56. f6 Qh7+ 0-1

[Event "4NCL Online Division 2"]
[Site "online"]
[Date "2020.04.21"]
[Round "3.61"]
[White "Tanmay Chopra"]
[Black "Keane, Graham D J"]
[Result "1/2-1/2"]
[WhiteElo "2273"]
[BlackElo "2161"]
[PlyCount "35"]
[EventDate "2020.04.21"]
[WhiteTeam "Harrow 1"]
[BlackTeam "Streatham A"]

1. d4 d6 2. c4 e5 3. Nf3 e4 4. Nfd2 f5 5. Nc3 Nf6 6. e3 c6 7. b4 Be7 8. Be2 O-O
9. O-O Na6 10. Rb1 d5 11. b5 Nc7 12. f4 Kh8 13. bxc6 bxc6 14. cxd5 Nfxd5 15.
Nxd5 Nxd5 16. Rb3 Be6 17. Ba3 Nb6 18. Bxe7 1/2-1/2

[Event "4NCL Online Division 2"]
[Site "online"]
[Date "2020.04.21"]
[Round "3.62"]
[White "Hodgson, John H"]
[Black "Nettleton, Charlie B"]
[Result "0-1"]
[WhiteElo "2117"]
[BlackElo "2125"]
[PlyCount "102"]
[EventDate "2020.04.21"]
[WhiteTeam "Streatham A"]
[BlackTeam "Harrow 1"]

1. e4 c5 2. Nf3 Nc6 3. d4 cxd4 4. Nxd4 Nf6 5. Nc3 e5 6. Ndb5 d6 7. Bg5 a6 8.
Na3 b5 9. Nd5 Be7 10. Bxf6 Bxf6 11. c3 O-O 12. Nc2 Bg5 13. a4 bxa4 14. Rxa4 a5
15. Bc4 Rb8 16. b3 Kh8 17. O-O g6 18. Qd3 f5 19. f3 Be6 20. Rd1 fxe4 21. Qxe4
Bf5 22. Qe2 Ne7 23. Nxe7 Qxe7 24. Bd5 Qa7+ 25. Kh1 Qc5 26. Bc4 e4 27. fxe4 Rbe8
28. Bd5 Qxc3 29. Qc4 Qxc4 30. Rxc4 Bg4 31. Rg1 Rf2 32. Rc3 Bf4 33. Ne3 Bd7 34.
Nc4 Rb8 35. Nxa5 Be5 36. Rc7 Bg4 37. Nc6 Rbf8 38. Nxe5 dxe5 39. Rc3 Rb2 40. h3
Be2 41. Bc4 Rf2 42. Bxe2 Rfxe2 43. Ra1 Kg7 44. Ra7+ Kh6 45. Rcc7 Rxg2 46. Rxh7+
Kg5 47. h4+ Kg4 48. Rhg7 Kh3 49. Ra1 Rh2+ 50. Kg1 Rbg2+ 51. Kf1 Rh1# 0-1

[Event "4NCL Online Division 2"]
[Site "online"]
[Date "2020.04.21"]
[Round "3.63"]
[White "Coles, Steven F"]
[Black "Bennett, John M"]
[Result "1/2-1/2"]
[WhiteElo "2080"]
[BlackElo "1995"]
[PlyCount "158"]
[EventDate "2020.04.21"]
[WhiteTeam "Harrow 1"]
[BlackTeam "Streatham A"]

1. d4 d6 2. e4 g6 3. Nc3 Bg7 4. Bg5 Nd7 5. Qd2 a6 6. a4 c5 7. Nf3 h6 8. Be3
cxd4 9. Nxd4 Ngf6 10. Be2 Ne5 11. h3 Qc7 12. b3 Bd7 13. O-O Rc8 14. Nd5 Nxd5
15. exd5 f5 16. c4 O-O 17. Bxh6 Rf7 18. Bxg7 Rxg7 19. f4 Nf7 20. Kh1 Rf8 21.
Rae1 Nh6 22. Bf3 Rf6 23. Re2 Qd8 24. Rfe1 Kh7 25. Ne6 Bxe6 26. Rxe6 Rxe6 27.
Rxe6 Qb6 28. b4 Qc7 29. Qd4 b6 30. Be2 Ng8 31. Qf2 Nf6 32. Bd3 b5 33. axb5 axb5
34. Qd4 bxc4 35. Bxc4 Qb7 36. b5 Ne4 37. Bd3 Nc5 38. Re2 Rg8 39. Ra2 Rc8 40.
Bc4 Qc7 41. Bf1 Kg8 42. Kh2 Ne4 43. Ra7 Qc1 44. Rxe7 Qxf4+ 45. Kg1 Qh6 46. b6
Rc1 47. Rc7 Ng3 48. Rxc1 Qxc1 49. Qc4 Qe3+ 50. Kh2 Nxf1+ 51. Qxf1 Qxb6 52. Qe2
Qc5 53. Qe6+ Kg7 54. h4 Qb4 55. Qe7+ Kh6 56. Qg5+ Kg7 57. Kh3 Qb3+ 58. Kh2 Qxd5
59. h5 Qe5+ 60. Kh1 Qe1+ 61. Kh2 Qe6 62. hxg6 Qxg6 63. Qe7+ Kh6 64. Qf8+ Kg5
65. Kg3 Kh5+ 66. Kf2 Qe6 67. Qh8+ Kg6 68. Qd8 f4 69. Qb6 Kf5 70. Qd4 Qa2+ 71.
Kg1 Qb1+ 72. Kh2 Qb8 73. Qd5+ Kg6 74. Qe4+ Kg5 75. Qd5+ Kf6 76. Qd4+ Kg5 77.
Qd5+ Kf6 78. Qd4+ Kf5 79. Qd5+ Kf6 1/2-1/2

[Event "4NCL Online Division 2"]
[Site "online"]
[Date "2020.04.21"]
[Round "3.64"]
[White "Horton, Justin"]
[Black "Chan, Nevil"]
[Result "1-0"]
[WhiteElo "2058"]
[BlackElo "2042"]
[PlyCount "81"]
[EventDate "2020.04.21"]
[WhiteTeam "Streatham A"]
[BlackTeam "Harrow 1"]

1. d4 b6 2. e4 Bb7 3. Bd3 Nf6 4. Qe2 Nc6 5. Nf3 Nb4 6. Nc3 Nxd3+ 7. cxd3 e6 8.
O-O Be7 9. h3 O-O 10. Bf4 d6 11. Rac1 Rc8 12. Rfd1 Nd7 13. Bh2 a6 14. e5 Bxf3
15. Qxf3 d5 16. a3 c5 17. dxc5 bxc5 18. d4 cxd4 19. Rxd4 f6 20. exf6 Bxf6 21.
Rf4 Bg5 22. Rxf8+ Qxf8 23. Qxf8+ Kxf8 24. Bd6+ Kf7 25. Rd1 Bf6 26. Rd3 Ne5 27.
Bxe5 Bxe5 28. f4 Bxc3 29. Rxc3 Rxc3 30. bxc3 Ke7 31. Kf2 Kd6 32. Ke3 Kc5 33.
Kd3 Kb5 34. Kd4 Ka4 35. f5 exf5 36. Kxd5 Kb5 37. c4+ Kb6 38. Kd6 Kb7 39. c5 Kc8
40. h4 f4 41. Ke7 1-0

[Event "4NCL Online Division 2"]
[Site "online"]
[Date "2020.04.21"]
[Round "3.71"]
[White "Higgie, Charles L"]
[Black "Ther, Mate"]
[Result "0-1"]
[WhiteElo "1922"]
[BlackElo "2080"]
[PlyCount "80"]
[EventDate "2020.04.21"]
[WhiteTeam "Higgie's Heroes"]
[BlackTeam "Bradford DCA Knights A"]

1. d4 Nf6 2. c4 e6 3. Nc3 c5 4. d5 exd5 5. cxd5 d6 6. e4 g6 7. f4 Bg7 8. Bb5+
Nfd7 9. a4 Qh4+ 10. g3 Qe7 11. Nf3 O-O 12. O-O Na6 13. Re1 Nb4 14. Bf1 b6 15.
h3 Ba6 16. Bxa6 Nxa6 17. Kg2 Nb4 18. Be3 a6 19. Qd2 b5 20. axb5 axb5 21. Nxb5
Nb6 22. Qe2 Rxa1 23. Rxa1 Qxe4 24. Nxd6 Qe7 25. Nb5 N6xd5 26. Kf2 Qxe3+ 27.
Qxe3 Nxe3 28. Rb1 Ned5 29. Ne1 Rb8 30. Nd6 Bd4+ 31. Kf3 Rb6 32. Nc4 Re6 33. Ng2
Nc2 34. g4 Nce3 35. Ncxe3 Nxe3 36. b4 Nxg2 37. Kxg2 c4 38. Rd1 Re2+ 39. Kf3
Re3+ 40. Kg2 Rd3 0-1

[Event "4NCL Online Division 2"]
[Site "online"]
[Date "2020.04.21"]
[Round "3.72"]
[White "Barker, Arron"]
[Black "McMahon, Timothy P"]
[Result "0-1"]
[WhiteElo "1847"]
[BlackElo "1937"]
[PlyCount "110"]
[EventDate "2020.04.21"]
[WhiteTeam "Bradford DCA Knights A"]
[BlackTeam "Higgie's Heroes"]

1. e4 c5 2. Nf3 Nc6 3. Bb5 g6 4. O-O Bg7 5. Bxc6 dxc6 6. Re1 e5 7. b3 Ne7 8.
Qe2 O-O 9. Ba3 b6 10. h3 f6 11. Rd1 Be6 12. Bb2 Qc7 13. d3 Rad8 14. Nbd2 Rd7
15. a4 Rfd8 16. Nf1 b5 17. axb5 cxb5 18. Ne3 Nc6 19. Ra6 Rd6 20. Rda1 Qb7 21.
Qe1 b4 22. Nd2 R6d7 23. Nec4 Bf7 24. R1a2 Rc7 25. Qa1 Rdd7 26. Qe1 Nb8 27. Rxa7
Qxa7 28. Rxa7 Rxa7 29. Qe3 Bf8 30. Qg3 Nc6 31. f4 Nd4 32. fxe5 Ne2+ 33. Kf2
Nxg3 34. Kxg3 Bxc4 35. Nxc4 fxe5 36. Bxe5 Bg7 37. Bf4 Ra2 38. e5 Re7 39. Bg5
Bxe5+ 40. Kg4 Re6 41. Be3 Bd4 42. Bh6 Rxc2 43. Kf3 Ree2 44. g3 Rf2+ 45. Ke4 Rg2
46. Bf4 Rc3 47. Na5 Re2+ 48. Kd5 Rxd3 49. Kc4 Rc3+ 50. Kb5 Ra2 51. Bh6 Rxa5+
52. Kxa5 Rxb3 53. Kb5 Rxg3 54. h4 b3 55. Kc4 Be3 0-1

[Event "4NCL Online Division 2"]
[Site "online"]
[Date "2020.04.21"]
[Round "3.73"]
[White "Lovatt, Peter G"]
[Black "Johnson, Paul A"]
[Result "1/2-1/2"]
[WhiteElo "1787"]
[BlackElo "1812"]
[PlyCount "120"]
[EventDate "2020.04.21"]
[WhiteTeam "Higgie's Heroes"]
[BlackTeam "Bradford DCA Knights A"]

1. Nf3 d5 2. g3 Nf6 3. Bg2 c5 4. d4 e6 5. O-O Nc6 6. c3 Be7 7. dxc5 Bxc5 8. b4
Bd6 9. Nbd2 O-O 10. Bb2 e5 11. Nb3 Be6 12. Rc1 Qe7 13. b5 Nb8 14. Ng5 Nbd7 15.
Nxe6 fxe6 16. c4 e4 17. Nd4 Nc5 18. Qd2 h6 19. cxd5 exd5 20. Nf5 Qd8 21. Bh3
Kh8 22. Nxh6 Qe8 23. Ng4 Qh5 24. Nxf6 gxf6 25. Bg2 Rad8 26. h4 b6 27. Qg5 Qxg5
28. hxg5 Be5 29. Bxe5 fxe5 30. f4 exf3 31. Rxf3 Ne6 32. Rc6 Nxg5 33. Rxf8+ Rxf8
34. Bxd5 Rd8 35. e4 Rd7 36. Kg2 Kg7 37. a4 Re7 38. Rc8 Rd7 39. Rg8+ Kf6 40.
Rf8+ Kg6 41. Rf5 Re7 42. g4 Nh7 43. Rf2 Nf6 44. Kg3 Rd7 45. Bc6 Rd4 46. a5
Nxe4+ 47. Bxe4+ Rxe4 48. axb6 axb6 49. Rc2 Rf4 50. Rc6+ Rf6 51. Kh4 Kf7 52. Kg5
Rxc6 53. bxc6 Ke6 54. c7 Kd7 55. Kf5 Kxc7 56. g5 Kd7 57. Kxe5 Ke7 58. Kd5 Kf7
59. Kc6 Kg6 60. Kxb6 Kxg5 1/2-1/2

[Event "4NCL Online Division 2"]
[Site "online"]
[Date "2020.04.21"]
[Round "3.74"]
[White "Holliday, John K"]
[Black "Bailey, Adrian"]
[Result "1-0"]
[WhiteElo "1798"]
[BlackElo "1772"]
[PlyCount "63"]
[EventDate "2020.04.21"]
[WhiteTeam "Bradford DCA Knights A"]
[BlackTeam "Higgie's Heroes"]

1. e4 e5 2. Nf3 Nc6 3. d4 exd4 4. c3 dxc3 5. Bc4 Be7 6. Qd5 Nh6 7. Bxh6 O-O 8.
Bxg7 Nb4 9. Qe5 d5 10. Qg3 Bg5 11. Bxc3 Nc2+ 12. Ke2 dxc4 13. Nxg5 Qd6 14.
Nxh7+ Qxg3 15. hxg3 Rd8 16. Nf6+ Kf8 17. Rh8+ Ke7 18. Nd5+ Kd7 19. Rh7 Rf8 20.
Nd2 Nxa1 21. Nxc4 c5 22. Ne5+ Kd8 23. Nxf7+ Kd7 24. Ne5+ Kd6 25. Rh6+ Be6 26.
Nc4+ Kd7 27. Rh7+ Rf7 28. Ne5+ Kd6 29. Nxf7+ Bxf7 30. Rxf7 Nc2 31. Rxb7 Re8 32.
f3 1-0

[Event "4NCL Online Division 2"]
[Site "online"]
[Date "2020.04.21"]
[Round "3.81"]
[White "Foord, Dominic"]
[Black "Gardner, James"]
[Result "0-1"]
[WhiteElo "2267"]
[BlackElo "2132"]
[PlyCount "68"]
[EventDate "2020.04.21"]
[WhiteTeam "Liverpool"]
[BlackTeam "MK Phoenix 1"]

1. d4 d5 2. c4 c6 3. Nf3 Nf6 4. Nc3 e6 5. e3 Nbd7 6. Bd3 dxc4 7. Bxc4 b5 8. Bd3
Bd6 9. e4 e5 10. O-O O-O 11. a3 exd4 12. Nxd4 Ne5 13. Be2 Re8 14. h3 Bb7 15.
Re1 Ng6 16. Bf1 Rc8 17. b4 Bb8 18. Bb2 Qc7 19. g3 h5 20. Rc1 a6 21. Nf5 h4 22.
Nxb5 axb5 23. Bxf6 gxf6 24. Qh5 hxg3 25. fxg3 Re5 26. Rc3 c5 27. Qh6 Rxf5 28.
exf5 Qc6 29. fxg6 Qh1+ 30. Kf2 Qh2+ 31. Ke3 Re8+ 32. Kd3 c4+ 33. Rxc4 bxc4+ 34.
Kxc4 Qc2+ 0-1

[Event "4NCL Online Division 2"]
[Site "online"]
[Date "2020.04.21"]
[Round "3.82"]
[White "Brown, Alan M"]
[Black "Rodrigo Yanguas, Maria"]
[Result "1/2-1/2"]
[WhiteElo "2008"]
[BlackElo "2230"]
[PlyCount "80"]
[EventDate "2020.04.21"]
[WhiteTeam "MK Phoenix 1"]
[BlackTeam "Liverpool"]

1. d4 Nf6 2. c4 g6 3. Nc3 Bg7 4. e4 d6 5. Be2 O-O 6. Bg5 c5 7. d5 h6 8. Be3 Na6
9. h3 Nc7 10. Nf3 a6 11. a4 b6 12. O-O Rb8 13. Bd3 Nd7 14. g4 e6 15. Qc2 Qf6
16. Kg2 Re8 17. g5 Qe7 18. gxh6 Bf6 19. Rae1 e5 20. Be2 Nf8 21. Nh2 Nh7 22. Bg4
Bg5 23. Bxc8 Rexc8 24. Ng4 b5 25. f4 exf4 26. Bxf4 Bxf4 27. Rxf4 bxc4 28. Ref1
Rf8 29. Qf2 Ne8 30. Qe2 Rb3 31. R1f2 Qb7 32. Qxc4 Rxb2 33. Rxb2 Qxb2+ 34. Rf2
Qb4 35. Qd3 Qd4 36. Qxd4 cxd4 37. Ne2 f5 38. exf5 gxf5 39. Nh2 d3 40. Nf4 Nc7
1/2-1/2

[Event "4NCL Online Division 2"]
[Site "online"]
[Date "2020.04.21"]
[Round "3.83"]
[White "Tian Yi, Wang"]
[Black "Cox, Toby"]
[Result "1-0"]
[WhiteElo "2192"]
[BlackElo "2020"]
[PlyCount "103"]
[EventDate "2020.04.21"]
[WhiteTeam "Liverpool"]
[BlackTeam "MK Phoenix 1"]

1. e4 e6 2. d4 d5 3. exd5 exd5 4. Bd3 Nf6 5. Bf4 Bd6 6. Bg3 O-O 7. Nf3 Re8+ 8.
Be2 Bf5 9. O-O Ne4 10. Nbd2 Nxg3 11. fxg3 Bg4 12. Bd3 Nd7 13. c3 Nf6 14. Qc2
Bh5 15. Rae1 Bg6 16. Bxg6 hxg6 17. Qb3 b6 18. Ne5 c5 19. Nxf7 Kxf7 20. Qxd5+
Kf8 21. Rxe8+ Kxe8 22. Qc6+ Ke7 23. Nc4 Bc7 24. d5 Kf8 25. d6 Rc8 26. dxc7 Rxc7
27. Qe4 Re7 28. Qxg6 Qd5 29. Ne3 Rxe3 30. Rxf6+ gxf6 31. Qh6+ Kf7 32. Qxe3 Qxa2
33. Qc1 Qd5 34. h4 Qf5 35. Kh2 a5 36. Qd2 a4 37. c4 Ke7 38. Qd1 Qe5 39. Qxa4
Qxb2 40. Qc6 Qb3 41. Qd5 Qb4 42. h5 b5 43. h6 Qb1 44. cxb5 Qc1 45. Qe4+ Kf7 46.
Qh7+ Ke6 47. Qg6 c4 48. h7 c3 49. h8=Q c2 50. Qhxf6+ Kd5 51. Qd6+ Kc4 52. Qgd3#
1-0

[Event "4NCL Online Division 2"]
[Site "online"]
[Date "2020.04.21"]
[Round "3.84"]
[White "Hunt, Peter"]
[Black "Griffin, Michael"]
[Result "1-0"]
[WhiteElo "2020"]
[BlackElo "1990"]
[PlyCount "75"]
[EventDate "2020.04.21"]
[WhiteTeam "MK Phoenix 1"]
[BlackTeam "Liverpool"]

1. e4 c5 2. c4 Nc6 3. Nf3 e6 4. d4 cxd4 5. Nxd4 Nf6 6. Nc3 Bb4 7. Nxc6 bxc6 8.
Bd3 e5 9. Bd2 O-O 10. O-O Bc5 11. Na4 Bd4 12. Bc3 d6 13. Bxd4 exd4 14. c5 dxc5
15. Nxc5 Ng4 16. Rc1 Qd6 17. g3 Qh6 18. h4 Ne5 19. Be2 Rd8 20. Nd3 Qe6 21. Nxe5
Qxe5 22. Qd3 a5 23. Qa3 Ba6 24. Bxa6 Rxa6 25. Qd3 Rb6 26. Rc2 c5 27. b3 Re8 28.
Rfc1 Rc6 29. f4 Qh5 30. Kf2 Rec8 31. Qb5 Qg6 32. Rxc5 Qxe4 33. Rxc6 Qe3+ 34.
Kg2 Qe4+ 35. Kh2 Re8 36. R6c2 d3 37. Rd2 Rd8 38. Qxd3 1-0

[Event "4NCL Online Division 2"]
[Site "online"]
[Date "2020.04.21"]
[Round "3.91"]
[White "Linton, William A"]
[Black "Ni, Viktorija"]
[Result "1/2-1/2"]
[WhiteElo "2027"]
[BlackElo "2215"]
[PlyCount "73"]
[EventDate "2020.04.21"]
[WhiteTeam "Mushrooms 1"]
[BlackTeam "ChessPlus Beta"]

1. e4 c5 2. Nf3 e6 3. d4 cxd4 4. Nxd4 a6 5. Nc3 Qc7 6. Bd3 Nc6 7. Nxc6 dxc6 8.
O-O e5 9. Be3 Nf6 10. h3 Be6 11. a4 a5 12. Qe2 Bb4 13. Na2 Bd6 14. Bc4 Qe7 15.
Bb6 O-O 16. Rfe1 c5 17. Bxe6 fxe6 18. Qd2 Ra6 19. Bxa5 Rfa8 20. Rad1 Ne8 21.
Bc3 b5 22. b3 bxa4 23. bxa4 Rxa4 24. Nc1 c4 25. Ne2 Qc7 26. Ng3 Ra3 27. Nf1 Be7
28. Ra1 Rxa1 29. Rxa1 Rxa1 30. Bxa1 Nf6 31. Qc3 Nxe4 32. Qxe5 Qxe5 33. Bxe5 Bc5
34. Ne3 Bxe3 35. fxe3 Kf7 36. Kf1 g5 37. Ke2 1/2-1/2

[Event "4NCL Online Division 2"]
[Site "online"]
[Date "2020.04.21"]
[Round "3.92"]
[White "Agafonov, Yuri Dr"]
[Black "Ortiz Sanchez, Luis"]
[Result "1-0"]
[WhiteElo "2106"]
[BlackElo "1982"]
[PlyCount "139"]
[EventDate "2020.04.21"]
[WhiteTeam "ChessPlus Beta"]
[BlackTeam "Mushrooms 1"]

1. Nf3 f5 2. h3 Nf6 3. g4 d5 4. g5 Ne4 5. d3 Nc5 6. Bf4 Nc6 7. Nbd2 e6 8. c3
Bd6 9. Bxd6 Qxd6 10. b4 Nd7 11. d4 e5 12. e3 e4 13. Nh4 g6 14. Ng2 Nf8 15. Nf4
Ne6 16. Nxe6 Bxe6 17. Qa4 Kf7 18. Bb5 Ne7 19. h4 f4 20. O-O-O c6 21. Be2 f3 22.
Bf1 b5 23. Qb3 a5 24. a3 axb4 25. cxb4 Nc8 26. h5 Nb6 27. Qc3 Bd7 28. Nb1 Qe7
29. Qc5 Qxc5+ 30. dxc5 Nc8 31. Kb2 Ne7 32. Nc3 Bf5 33. h6 Rhb8 34. Ra1 Rb7 35.
Nb1 Rd8 36. Nd2 d4 37. Nb3 dxe3 38. fxe3 Nd5 39. Na5 Rc7 40. Re1 Ne7 41. a4
bxa4 42. Nc4 a3+ 43. Kxa3 Ra7+ 44. Kb2 Nd5 45. Ne5+ Ke8 46. Nxc6 Rb7 47. Nxd8
Rxb4+ 48. Ka3 Rb8 49. Nc6 Ra8+ 50. Kb2 Rc8 51. Nd4 f2 52. Bb5+ Kf7 53. Re2 Rb8
54. Ra1 Nc7 55. Rxf2 Nxb5 56. Nxb5 Rxb5+ 57. Kc3 Rxc5+ 58. Kd4 Rc8 59. Ra7+ Ke6
60. Ra6+ Ke7 61. Rb2 Rd8+ 62. Ke5 Bc8 63. Ra7+ Kf8 64. Rxh7 Kg8 65. Rg7+ Kh8
66. Re7 Rf8 67. Rb8 Rd8 68. Rc7 Re8+ 69. Kd4 Rd8+ 70. Kc5 1-0

[Event "4NCL Online Division 2"]
[Site "online"]
[Date "2020.04.21"]
[Round "3.93"]
[White "Nash, Richard J"]
[Black "Bruhn, Boris"]
[Result "0-1"]
[WhiteElo "1937"]
[BlackElo "2101"]
[PlyCount "70"]
[EventDate "2020.04.21"]
[WhiteTeam "Mushrooms 1"]
[BlackTeam "ChessPlus Beta"]

1. d4 Nf6 2. c4 Nc6 3. Nc3 e5 4. d5 Ne7 5. e4 Ng6 6. Nge2 Bc5 7. Ng3 O-O 8. Be2
d6 9. h4 Bb4 10. Qb3 Bxc3+ 11. Qxc3 Nf4 12. Bxf4 exf4 13. Nh5 Nxh5 14. Bxh5 f5
15. exf5 Bxf5 16. O-O-O b5 17. c5 dxc5 18. Qxc5 Qd6 19. Qc3 Qa6 20. Qb3 Qb6 21.
Rd2 Rad8 22. Bf3 a5 23. Qc3 a4 24. h5 h6 25. Rhd1 Qd6 26. Rd4 Rde8 27. Qc6 Qe5
28. Qxb5 a3 29. b3 c5 30. d6 cxd4 31. Bd5+ Kh8 32. d7 d3 33. Rxd3 Qa1+ 34. Kd2
Qe1+ 35. Kc2 Re2# 0-1

[Event "4NCL Online Division 2"]
[Site "online"]
[Date "2020.04.21"]
[Round "3.94"]
[White "Imanovs, Elhans"]
[Black "Kennedy, Craig"]
[Result "1-0"]
[WhiteElo "1827"]
[BlackElo "1937"]
[PlyCount "37"]
[EventDate "2020.04.21"]
[WhiteTeam "ChessPlus Beta"]
[BlackTeam "Mushrooms 1"]

1. e4 e5 2. Nf3 Nc6 3. Bc4 Be7 4. c3 Nf6 5. d3 O-O 6. O-O d6 7. h3 Na5 8. Bb5
a6 9. Ba4 b5 10. Bc2 d5 11. Nxe5 dxe4 12. dxe4 Bd6 13. Nf3 Qe7 14. e5 Bxe5 15.
Re1 Nd7 16. Nxe5 Nxe5 17. f4 Qh4 18. Rxe5 Nc4 19. Rh5 1-0

[Event "4NCL Online Division 2"]
[Site "online"]
[Date "2020.04.21"]
[Round "3.101"]
[White "Garcia, Jason"]
[Black "Sedykh, Mikhail"]
[Result "1-0"]
[WhiteElo "2028"]
[BlackElo "2215"]
[PlyCount "75"]
[EventDate "2020.04.21"]
[WhiteTeam "Rhyfelwyr Essyllwg"]
[BlackTeam "Catford Cosmonauts 1"]

1. Nf3 Nf6 2. c4 e6 3. g3 d5 4. Bg2 Be7 5. O-O O-O 6. b3 c5 7. e3 d4 8. exd4
cxd4 9. d3 Nc6 10. a3 a5 11. Bg5 Re8 12. Nbd2 e5 13. Re1 Nd7 14. Bxe7 Qxe7 15.
Qc2 Nc5 16. Ne4 Nxe4 17. Rxe4 Bf5 18. Ree1 h6 19. Nd2 Bg6 20. c5 Rad8 21. Rab1
f5 22. b4 axb4 23. axb4 e4 24. dxe4 d3 25. Qc3 Qd7 26. e5 Bh5 27. b5 Nd4 28.
Qc4+ Kh7 29. c6 bxc6 30. Bxc6 Nxc6 31. bxc6 Qd4 32. c7 Qxc4 33. cxd8=Q Qc3 34.
Qh4 Bg4 35. h3 g5 36. Rb7+ Kg6 37. Rb6+ Kf7 38. Qxh6 1-0

[Event "4NCL Online Division 2"]
[Site "online"]
[Date "2020.04.21"]
[Round "3.103"]
[White "Hewitt, William"]
[Black "Stemp, Matthew J"]
[Result "0-1"]
[WhiteElo "1997"]
[BlackElo "2125"]
[PlyCount "100"]
[EventDate "2020.04.21"]
[WhiteTeam "Rhyfelwyr Essyllwg"]
[BlackTeam "Catford Cosmonauts 1"]

1. e4 c5 2. Nf3 d6 3. d4 cxd4 4. Nxd4 Nf6 5. Nc3 a6 6. Bg5 e6 7. f4 h6 8. Bh4
Qb6 9. Nb3 Qe3+ 10. Qe2 Qxf4 11. Bg3 Qg4 12. Qc4 Nc6 13. Be2 Qg5 14. O-O Be7
15. Bf4 Qg6 16. e5 Nxe5 17. Bxe5 dxe5 18. Bd3 Qg4 19. Qc7 Qb4 20. Qxe5 O-O 21.
Rad1 Qb6+ 22. Kh1 Bd7 23. h3 Rad8 24. Ne4 Nxe4 25. Qxe4 g6 26. Nd4 f5 27. Qf4
Bg5 28. Qf2 e5 29. Bc4+ Kh7 30. Ne2 Qxf2 31. Rxf2 Bc6 32. Rff1 Rxd1 33. Rxd1
Rd8 34. Rxd8 Bxd8 35. Kg1 b5 36. Bb3 Bb6+ 37. Kf1 Kg7 38. Nc3 Bd4 39. Nd1 Kf6
40. c3 Bb6 41. g3 e4 42. Ke2 Ke5 43. Ne3 Bxe3 44. Kxe3 g5 45. a3 f4+ 46. gxf4+
gxf4+ 47. Ke2 Bd7 48. h4 Bg4+ 49. Kf2 e3+ 50. Kf1 f3 0-1

[Event "4NCL Online Division 2"]
[Site "online"]
[Date "2020.04.21"]
[Round "3.104"]
[White "Vidruska, Renate"]
[Black "McGregor, John"]
[Result "1-0"]
[WhiteElo "2045"]
[BlackElo "1868"]
[PlyCount "83"]
[EventDate "2020.04.21"]
[WhiteTeam "Catford Cosmonauts 1"]
[BlackTeam "Rhyfelwyr Essyllwg"]

1. e4 c5 2. Nf3 Nc6 3. d4 cxd4 4. Nxd4 Nf6 5. Nc3 e5 6. Ndb5 d6 7. Nd5 Nxd5 8.
exd5 Nb8 9. a4 Be7 10. Be3 a6 11. Na3 O-O 12. Nc4 Nd7 13. Be2 f5 14. f4 e4 15.
O-O a5 16. c3 b6 17. Na3 Ba6 18. Bxa6 Rxa6 19. Nb5 Nc5 20. Nd4 Qc8 21. b4 Nd3
22. Nc6 Bf6 23. b5 Ra8 24. Bxb6 Rf7 25. Qb3 Qb7 26. Be3 h6 27. Kh1 g5 28. g3 g4
29. Rad1 h5 30. c4 Rh7 31. Kg2 Kh8 32. Rxd3 exd3 33. Qxd3 Qd7 34. b6 h4 35.
gxh4 Rxh4 36. Bd4 Kg7 37. Bxf6+ Kxf6 38. Qd4+ Kg6 39. Re1 Re8 40. Qf2 Rxe1 41.
Qxe1 Qf7 42. Qxh4 1-0

[Event "4NCL Online Division 2"]
[Site "online"]
[Date "2020.04.21"]
[Round "3.111"]
[White "Moyse, Nigel John"]
[Black "Pink, Joshua"]
[Result "0-1"]
[WhiteElo "2035"]
[BlackElo "2042"]
[PlyCount "102"]
[EventDate "2020.04.21"]
[WhiteTeam "Schach Attack"]
[BlackTeam "Throw in the Tal"]

1. d4 Nf6 2. Bf4 d5 3. e3 c5 4. c3 Nc6 5. Nd2 e6 6. Bd3 Be7 7. h3 Bd6 8. Bg5 h6
9. Bh4 g5 10. Bg3 Bxg3 11. fxg3 e5 12. dxc5 Qe7 13. b4 e4 14. Bb5 Qe5 15. Ne2
Nh5 16. O-O Nxg3 17. Nxg3 Qxg3 18. Qe1 Qxe1 19. Raxe1 Ke7 20. Bxc6 bxc6 21. Nb3
Bd7 22. a4 f5 23. a5 Rhf8 24. Nd4 a6 25. Kh2 Rf6 26. Rf2 Raf8 27. Ref1 f4 28.
Ne2 fxe3 29. Rxf6 Rxf6 30. Rxf6 Kxf6 31. Nd4 Ke5 32. Kg1 h5 33. Kf1 h4 34. Ke2
Kf4 35. Nc2 g4 36. Nxe3 gxh3 37. gxh3 Bxh3 38. b5 cxb5 39. Kf2 Ke5 40. c6 Kd6
41. c7 Be6 42. Ng2 h3 43. Nf4 Bc8 44. Kg3 d4 45. cxd4 b4 46. Ng6 b3 47. Ne5
Kxc7 48. Nc4 Kc6 49. Nd2 b2 50. Nxe4 b1=Q 51. d5+ Kd7 0-1

[Event "4NCL Online Division 2"]
[Site "online"]
[Date "2020.04.21"]
[Round "3.112"]
[White "Goodwin, Ed H"]
[Black "Alizada, Eldar"]
[Result "0-1"]
[WhiteElo "1930"]
[BlackElo "2057"]
[PlyCount "76"]
[EventDate "2020.04.21"]
[WhiteTeam "Throw in the Tal"]
[BlackTeam "Schach Attack"]

1. d4 Nf6 2. Bf4 d5 3. e3 e6 4. Bd3 c5 5. c3 Nc6 6. Nf3 Bd6 7. Bg3 O-O 8. Nbd2
b6 9. Ne5 Bb7 10. f4 Ne7 11. Qe2 Rc8 12. O-O Ne4 13. Nxe4 dxe4 14. Ba6 Qc7 15.
Bxb7 Qxb7 16. Ng4 Nf5 17. Be1 Rc7 18. Nf2 Rfc8 19. Bd2 Be7 20. Rfe1 Nd6 21.
Rad1 cxd4 22. exd4 f5 23. Rb1 b5 24. Nd1 a6 25. Ne3 Nc4 26. Nxc4 Rxc4 27. Qh5
Qb6 28. Re3 g6 29. Rg3 Bf6 30. Be3 Qd6 31. Rd1 b4 32. d5 bxc3 33. bxc3 Rxc3 34.
Rxg6+ hxg6 35. Qxg6+ Bg7 36. Bd4 R3c7 37. Be5 Qc5+ 38. Bd4 Qxd5 0-1

[Event "4NCL Online Division 2"]
[Site "online"]
[Date "2020.04.21"]
[Round "3.113"]
[White "Burrows, Nick"]
[Black "Graff, Ben"]
[Result "1-0"]
[WhiteElo "2072"]
[BlackElo "1892"]
[PlyCount "39"]
[EventDate "2020.04.21"]
[WhiteTeam "Schach Attack"]
[BlackTeam "Throw in the Tal"]

1. d4 d5 2. Bf4 Nf6 3. Nc3 c6 4. e3 Bf5 5. f3 h6 6. g4 Bg6 7. h4 h5 8. g5 Nfd7
9. Bd3 Bxd3 10. Qxd3 e6 11. O-O-O Na6 12. Kb1 Qb6 13. Nge2 Nb4 14. Qd2 a5 15.
Rhe1 c5 16. e4 cxd4 17. Nxd4 dxe4 18. Nxe6 Nc5 19. Nc7+ Ke7 20. Bd6+ 1-0

[Event "4NCL Online Division 2"]
[Site "online"]
[Date "2020.04.21"]
[Round "3.114"]
[White "Woolgar, Steven G"]
[Black "MacQueen, Stuart"]
[Result "0-1"]
[WhiteElo "1615"]
[BlackElo "2095"]
[PlyCount "92"]
[EventDate "2020.04.21"]
[WhiteTeam "Throw in the Tal"]
[BlackTeam "Schach Attack"]

1. c4 e6 2. Nc3 d5 3. cxd5 exd5 4. d4 Nf6 5. g3 Bd6 6. Bg2 c6 7. Nf3 O-O 8. O-O
h6 9. Re1 Re8 10. Bd2 Nbd7 11. Qc1 Nb6 12. Bxh6 gxh6 13. Qxh6 Bf8 14. Qg5+ Bg7
15. e4 Nxe4 16. Nxe4 dxe4 17. Rxe4 Bd7 18. Qxd8 Raxd8 19. Rae1 Rxe4 20. Rxe4
Re8 21. Ne5 Bf5 22. Re3 f6 23. Nf3 Rxe3 24. fxe3 Nc4 25. Kf2 Nxb2 26. Ke1 Nc4
27. Ke2 Be4 28. Ne1 Bxg2 29. Nxg2 Kf7 30. Kd3 Nd6 31. Nf4 Bh6 32. a4 Bxf4 33.
gxf4 b5 34. axb5 cxb5 35. e4 a5 36. e5 fxe5 37. fxe5 Nf5 38. d5 a4 39. Kc3 Ne3
40. d6 Ng4 41. d7 Ke7 42. e6 Nxh2 43. Kb4 Nf3 44. Kc5 Ng5 45. Kc6 Nxe6 46. Kxb5
a3 0-1